000 00300nam a22001457a 4500
008 210426b ||||| |||| 00| 0 eng d
020 _a0201101866
041 _aeng
080 _a91
082 _a91
100 _a42
101 _aGJEO
245 _aEarth Science
_cFariel,R.E
942 _2udc
_cBK
999 _c56713
_d56713